Breathe - Olly Alexander - All Lyrics - Statistics

General Stats
  • This quiz has been taken 30 times
  • The average score is 269 of 352
Answer Stats
Answer % Correct
a
100%
oh,
100%
oh
100%
Oh,
100%
Oh-oh
100%
oh-oh
100%
oh-oh-oh
100%
uh
100%
Yeah,
100%
be
95%
Go
95%
I
95%
that
95%
that,
95%
the
95%
to
95%
acting
90%
baby?
90%
good
90%
it
90%
me
90%
me,
90%
You
90%
you
90%
you,
90%
about,
85%
and
85%
And
85%
crazy
85%
do
85%
supposed
85%
All
80%
breathe
80%
breathe,
80%
let
80%
love
80%
need
80%
say
80%
stop
80%
time
80%
up
80%
up,
80%
What's
80%
when
80%
your
80%
know
75%
never
75%
shady
75%
times
75%
we
75%
We
75%
break
70%
But
70%
for
70%
give
70%
is
70%
make
70%
see
70%
then
70%
Then
70%
daily
65%
don't
65%
got
65%
mmm
65%
Mmm,
65%
mmm,
65%
there
65%
wake
65%
Why
65%
free
60%
no
60%
on
60%
with
60%
Yeah,
60%
alone
55%
hurts,
55%
out
55%
pull
55%
some
55%
Some
55%
Try
55%
won't
55%
work?
55%
dying,
50%
going
50%
leave
50%
leave,
50%
loving
50%
only
50%
she's
50%
slowly
50%
vibe,
50%
you're
50%
You're
50%
ain't
45%
crying,
45%
drama
45%
lonely
45%
maybe
45%
Reminiscing
45%
ride
45%
you'll
45%
comes
40%
decide
40%
claiming
20%
homie
20%
or
20%
loot
15%
mother
10%
calling's,
0%
No matching quizzes found
Score Distribution
Percent of People with Each Score
Percentile by Number Answered
Your Score History
You have not taken this quiz